Automatic & Semiautomatic Lathes (Record no. 27284)
[ view plain ]
| 000 -LEADER | |
|---|---|
| fixed length control field | 00274nam a2200121Ia 4500 |
| 082 ## - DEWEY DECIMAL CLASSIFICATION NUMBER | |
| Classification number | 621.9 |
| 100 ## - MAIN ENTRY--PERSONAL NAME | |
| Personal name | Boguslavsky |
| 245 ## - TITLE STATEMENT | |
| Title | Automatic & Semiautomatic Lathes |
| 260 ## - PUBLICATION, DISTRIBUTION, ETC. | |
| Name of publisher, distributor, etc. | Foreign Language Publication |
| Date of publication, distribution, etc. | 2001 |
| 546 ## - LANGUAGE NOTE | |
| Language note | ENGLISH |
| 654 ## - SUBJECT ADDED ENTRY--FACETED TOPICAL TERMS | |
| Focus term | lathes |
| 942 ## - ADDED ENTRY ELEMENTS (KOHA) | |
| Koha item type | BOOK |
| Withdrawn status | Lost status | Damaged status | Not for loan | Collection | Home library | Current library | Date acquired | Cost, normal purchase price | Total Checkouts | Full call number | Barcode | Date last seen | Cost, replacement price | Price effective from | Koha item type |
|---|---|---|---|---|---|---|---|---|---|---|---|---|---|---|---|
| AFT | Fr. Agnel's C.Rodrigues College of Engineering | Fr. Agnel's C.Rodrigues College of Engineering | 17/03/2023 | 5.60 | 621.9 | AFT104 | 17/03/2023 | 5.60 | 17/03/2023 | BOOK |